[Event "LSS No Engine Cup 121 Preliminary 6"]
[Site "LSS email"]
[Date "2014.11.13"]
[Round "?"]
[White "Garcia, Javier N"]
[Black "Munoz Sanchez, Emilio Josep"]
[Result "0-1"]
[WhiteElo "747"]
[BlackElo "1385"]
[PlyCount "60"]
[EventDate "2014.11.14"]
[EventType "tourn (corr)"]
[EventRounds "6"]
[EventCountry "GER"]
[SourceTitle "Corr 2015"]
[Source "ChessBase"]
[SourceDate "2015.07.17"]
[SourceVersion "1"]
[SourceVersionDate "2015.07.17"]
[SourceQuality "1"]

1. d4 Nf6 2. c4 g6 3. Nf3 Bg7 4. Bf4 d6 5. Nc3 0-0 6. e4 Nbd7 7. Bd3 c5 8. d5 a6 9. 0-0 Qb6 10. Qb3 Qxb3 11. axb3 Nb6 12. Rfe1 Bg4 13. Nd2 Nh5 14. Be3 Bc8 15. Be2 Nf6 16. e5 Nfd7 17. exd6 exd6 18. Nde4 Nf6 19. Nxf6+ Bxf6 20. Bh6 Bg7 21. Bxg7 Kxg7 22. Bd3 Nd7 23. Re2 Ne5 24. Bc2 Bd7 25. Na4 Bxa4 26. Rxa4 Rfe8 27. Kf1 f5 28. f4 Ng4 29. Re6 Rxe6 30. dxe6 Ne3+ 0-1

[Event "LSS No Engine Cup 121 Preliminary 6"]
[Site "LSS email"]
[Date "2014.11.13"]
[Round "?"]
[White "Neumann, Frank"]
[Black "Munoz Sanchez, Emilio Josep"]
[Result "0-1"]
[WhiteElo "491"]
[BlackElo "1385"]
[PlyCount "118"]
[EventDate "2014.11.14"]
[EventType "tourn (corr)"]
[EventRounds "6"]
[EventCountry "GER"]
[SourceTitle "Corr 2015"]
[Source "ChessBase"]
[SourceDate "2015.07.17"]
[SourceVersion "1"]
[SourceVersionDate "2015.07.17"]
[SourceQuality "1"]

1. b4 e5 2. Bb2 d6 3. e3 Nf6 4. Nf3 Be7 5. Be2 0-0 6. 0-0 Nbd7 7. c4 c5 8. b5 a6 9. a4 axb5 10. axb5 Rxa1 11. Bxa1 b6 12. Nc3 Bb7 13. Na4 h6 14. d4 exd4 15. exd4 cxd4 16. Qxd4 Nc5 17. Nxc5 dxc5 18. Qxd8 Rxd8 19. Ne5 Rd6 20. Nd3 Re6 21. Bd1 Rd6 22. Nf4 g5 23. Ne2 Ne4 24. Bc2 Nd2 25. Re1 Nxc4 26. Bb3 Nd2 27. Bc2 Bf6 28. Bxf6 Rxf6 29. Rd1 Nc4 30. f3 Rd6 31. Rxd6 Nxd6 32. Nc3 f5 33. h3 Bc8 34. Kf2 Bd7 35. Nd5 Bxb5 36. Nc3 Bc6 37. Bb3+ Kg7 38. g4 fxg4 39. hxg4 Kf6 40. Ke3 Ke5 41. Ba4 Bxa4 42. Nxa4 Nc4+ 43. Kd3 b5 44. Nxc5 Kd5 45. Nb3 Ne5+ 46. Ke3 Nc4+ 47. Kd3 Ke5 48. Nc5 Kf4 49. Ke2 Ne5 50. Ne6+ Kg3 51. Nd4 b4 52. Ke3 b3 53. Kd2 Nxf3+ 54. Nxf3 Kxf3 55. Kc3 Kxg4 56. Kxb3 h5 57. Kc2 Kg3 58. Kd1 h4 59. Ke1 Kg2 0-1

[Event "LSS No Engine Cup 119 Preliminary 3"]
[Site "LSS email"]
[Date "2014.10.16"]
[Round "?"]
[White "Plotnikov, Vladimir Anatolievi"]
[Black "Munoz Sanchez, Emilio Josep"]
[Result "1-0"]
[WhiteElo "1222"]
[BlackElo "1385"]
[PlyCount "59"]
[EventDate "2014.10.17"]
[EventType "tourn (corr)"]
[EventRounds "6"]
[EventCountry "GER"]
[SourceTitle "Corr 2015"]
[Source "ChessBase"]
[SourceDate "2015.07.17"]
[SourceVersion "1"]
[SourceVersionDate "2015.07.17"]
[SourceQuality "1"]

1. e4 c5 2. Nf3 d6 3. d4 cxd4 4. Nxd4 Nf6 5. Nc3 a6 6. Bg5 e6 7. Qd2 Be7 8. 0-0-0 0-0 9. f4 Qc7 10. Nf3 Rd8 11. e5 dxe5 12. Bd3 e4 13. Bxf6 Bxf6 14. Nxe4 Be7 15. Neg5 g6 16. h4 Nc6 17. h5 Nb4 18. Kb1 h6 19. hxg6 hxg5 20. gxf7+ Kxf7 21. Rh7+ Kg8 22. Rdh1 Nxd3 23. Rh8+ Kf7 24. Nxg5+ Kg6 25. R1h6+ Kg7 26. R6h7+ Kg6 27. Rh6+ Kg7 28. R8h7+ Kf8 29. Rf7+ Kg8 30. Rg6+ 1-0

[Event "LSS No Engine Cup 118 Preliminary 4"]
[Site "LSS email"]
[Date "2014.09.25"]
[Round "?"]
[White "Munoz Sanchez, Emilio Josep"]
[Black "Schiller, Manfred"]
[Result "1-0"]
[WhiteElo "1385"]
[BlackElo "548"]
[PlyCount "61"]
[EventDate "2014.09.26"]
[EventType "tourn (corr)"]
[EventRounds "6"]
[EventCountry "GER"]
[SourceTitle "Corr 2015"]
[Source "ChessBase"]
[SourceDate "2015.07.17"]
[SourceVersion "1"]
[SourceVersionDate "2015.07.17"]
[SourceQuality "1"]

1. d4 Nf6 2. c4 e6 3. Nc3 Bb4 4. a3 Bxc3+ 5. bxc3 d5 6. cxd5 exd5 7. Nf3 0-0 8. e3 Bg4 9. Be2 c6 10. 0-0 h6 11. Re1 Ne4 12. Qc2 Nd7 13. Nd2 Qg5 14. Nxe4 Qg6 15. Bxg4 Qxg4 16. Ng3 Nf6 17. Qe2 Qd7 18. Qd3 Rfe8 19. Bd2 a6 20. e4 Re7 21. e5 Nh7 22. Nf5 Re6 23. Re3 Ng5 24. Rg3 Rg6 25. Nh4 Nh3+ 26. gxh3 Rxg3+ 27. Qxg3 Qe6 28. Kf1 b6 29. Ke2 c5 30. Rg1 cxd4 31. Qxg7# 1-0

[Event "LSS No Engine Cup 118 Preliminary 4"]
[Site "LSS email"]
[Date "2014.09.25"]
[Round "?"]
[White "Neumann, Rudolf Phernandes O"]
[Black "Munoz Sanchez, Emilio Josep"]
[Result "0-1"]
[WhiteElo "740"]
[BlackElo "1385"]
[PlyCount "78"]
[EventDate "2014.09.26"]
[EventType "tourn (corr)"]
[EventRounds "6"]
[EventCountry "GER"]
[SourceTitle "Corr 2015"]
[Source "ChessBase"]
[SourceDate "2015.07.17"]
[SourceVersion "1"]
[SourceVersionDate "2015.07.17"]
[SourceQuality "1"]

1. d4 Nf6 2. c4 g6 3. Nc3 Bg7 4. Bg5 0-0 5. e4 d6 6. Bd3 Nbd7 7. Nf3 c5 8. d5 a6 9. 0-0 Qc7 10. Re1 Qb6 11. Qc2 Qc7 12. h4 h6 13. Be3 Ng4 14. Bd2 Nde5 15. Nxe5 Nxe5 16. f4 Nxd3 17. Qxd3 Qd7 18. Qg3 b5 19. b3 b4 20. Na4 Bxa1 21. Nb6 Bd4+ 22. Kh1 Qb7 23. Nxa8 Qxa8 24. h5 Kh7 25. hxg6+ fxg6 26. f5 g5 27. Qg4 Bd7 28. Qh5 Qe8 29. Qh3 Kg7 30. g4 Rh8 31. Kg2 Bf6 32. Kf3 h5 33. gxh5 Rxh5 34. Qg2 Qh8 35. Qg1 Rh3+ 36. Kg2 Qh4 37. Re3 Qg4+ 38. Kf2 Qxg1+ 39. Kxg1 Bd4 0-1

[Event "LSS No Engine Cup 118 Preliminary 4"]
[Site "LSS email"]
[Date "2014.09.25"]
[Round "?"]
[White "Plotnikov, Vladimir Anatolievi"]
[Black "Munoz Sanchez, Emilio Josep"]
[Result "0-1"]
[WhiteElo "1222"]
[BlackElo "1385"]
[PlyCount "92"]
[EventDate "2014.09.26"]
[EventType "tourn (corr)"]
[EventRounds "6"]
[EventCountry "GER"]
[SourceTitle "Corr 2015"]
[Source "ChessBase"]
[SourceDate "2015.07.17"]
[SourceVersion "1"]
[SourceVersionDate "2015.07.17"]
[SourceQuality "1"]

1. e4 c5 2. Nf3 d6 3. Bc4 Nf6 4. Ng5 e6 5. d3 Be7 6. Nc3 0-0 7. 0-0 a6 8. a4 Nc6 9. Re1 Nd7 10. Nf3 Nde5 11. Ba2 Nxf3+ 12. Qxf3 Nd4 13. Qd1 b5 14. b3 Bf6 15. Rb1 Qa5 16. Bf4 Qxc3 17. Bxd6 Rd8 18. Bf4 Qxc2 19. Qxc2 Nxc2 20. Re2 Nb4 21. Rd1 Nxa2 22. Rxa2 bxa4 23. bxa4 e5 24. Be3 Be6 25. Rad2 Bb3 26. Ra1 c4 27. dxc4 Rxd2 28. Bxd2 Rd8 29. Be3 Bxc4 30. a5 h6 31. Rc1 Bg5 32. Bxg5 hxg5 33. f3 Bb5 34. Rc2 Rd4 35. Ra2 Ra4 36. Rxa4 Bxa4 37. Kf2 Bb5 38. g3 f6 39. Ke3 Kf7 40. f4 gxf4+ 41. gxf4 exf4+ 42. Kxf4 g5+ 43. Kg4 Ke6 44. Kf3 Ke5 45. Ke3 Bc6 46. h4 gxh4 0-1

[Event "RC-2011-0-00072"]
[Site "LSS email"]
[Date "2011.06.02"]
[Round "?"]
[White "Blittkowsky, Ralf"]
[Black "Munoz Sanchez, Emilio Josep"]
[Result "1-0"]
[WhiteElo "1735"]
[BlackElo "1644"]
[PlyCount "95"]
[EventDate "2011.04.11"]
[EventType "tourn (corr)"]
[EventRounds "6"]
[EventCountry "GER"]
[SourceTitle "Telechess CBM 147"]
[Source "ChessBase"]
[SourceDate "2012.03.16"]
[SourceVersion "1"]
[SourceVersionDate "2012.03.16"]
[SourceQuality "1"]

1. c4 Nf6 2. g3 g6 3. Bg2 Bg7 4. d4 0-0 5. Nc3 d6 6. e4 e5 7. d5 Nbd7 8. Nge2 a5 9. 0-0 Nc5 10. f3 Ne8 11. Be3 f5 12. exf5 gxf5 13. Qd2 Nf6 14. Nb5 Bd7 15. Nec3 Na6 16. Rae1 Qe8 17. a3 Qg6 18. Rd1 Kh8 19. Rfe1 Rac8 20. Kh1 Rg8 21. Ne2 h5 22. Rg1 h4 23. gxh4 Qh5 24. Bg5 f4 25. Nec3 Nc5 26. Qe1 Nh7 27. b4 Nb3 28. Ne4 axb4 29. axb4 Nxg5 30. hxg5 Bxb5 31. cxb5 Nd4 32. Qf2 Rgd8 33. Rc1 Nxb5 34. h4 c6 35. Bh3 Rc7 36. Bg4 Qf7 37. Be6 Qh5 38. g6 Nd4 39. Rg5 Qh6 40. Bg4 Kg8 41. Qa2 b6 42. Kg2 Kf8 43. Rd1 Qxh4 44. Rh1 cxd5 45. Rxh4 Rc2+ 46. Qxc2 Nxc2 47. Rf5+ Kg8 48. Nf6+ 1-0

[Event "RC-2011-0-00072"]
[Site "LSS email"]
[Date "2011.05.28"]
[Round "?"]
[White "Munoz Sanchez, Emilio Josep"]
[Black "Pott, Brian"]
[Result "1-0"]
[WhiteElo "1644"]
[BlackElo "1602"]
[PlyCount "65"]
[EventDate "2011.04.11"]
[EventType "tourn (corr)"]
[EventRounds "6"]
[EventCountry "GER"]
[SourceTitle "Telechess CBM 151"]
[Source "ChessBase"]
[SourceDate "2012.11.13"]
[SourceVersion "1"]
[SourceVersionDate "2012.11.13"]
[SourceQuality "1"]

1. d4 Nf6 2. c4 g6 3. Nc3 Bg7 4. e4 d6 5. f3 0-0 6. Be3 e5 7. d5 c6 8. Bd3 cxd5 9. cxd5 Nh5 10. Nge2 f5 11. exf5 gxf5 12. 0-0 Nd7 13. Kh1 Nc5 14. Bc2 Kh8 15. f4 b6 16. Rc1 Nf6 17. a3 Ng4 18. Bg1 Bd7 19. b4 Nb7 20. Ba4 Rc8 21. Bb5 e4 22. Qa4 Bxb5 23. Nxb5 Qd7 24. Qa6 Qf7 25. Rxc8 Rxc8 26. Nxa7 Re8 27. Qb5 Nf6 28. Rd1 e3 29. a4 Qh5 30. Nc6 Qf7 31. h3 h6 32. Rd3 Kh7 33. Qxb6 1-0

[Event "RC-2011-0-00072"]
[Site "LSS email"]
[Date "2011.05.28"]
[Round "?"]
[White "Van Bommel, Ton"]
[Black "Munoz Sanchez, Emilio Josep"]
[Result "1-0"]
[WhiteElo "1783"]
[BlackElo "1644"]
[PlyCount "115"]
[EventDate "2011.04.11"]
[EventType "tourn (corr)"]
[EventRounds "6"]
[EventCountry "GER"]
[SourceTitle "Telechess CBM 147"]
[Source "ChessBase"]
[SourceDate "2012.03.16"]
[SourceVersion "1"]
[SourceVersionDate "2012.03.16"]
[SourceQuality "1"]

1. e4 c5 2. Nf3 d6 3. d4 cxd4 4. Nxd4 Nf6 5. Nc3 a6 6. Be3 e6 7. f3 b5 8. Bd3 Bb7 9. 0-0 Be7 10. a4 b4 11. Na2 a5 12. Bb5+ Nbd7 13. c3 bxc3 14. Nxc3 0-0 15. Rc1 Nc5 16. Na2 Nfd7 17. b4 axb4 18. Nxb4 Nb8 19. Rc4 Bf6 20. Qc2 Qe7 21. Rc1 Bg5 22. Qc3 Qf6 23. Qd2 Bxe3+ 24. Qxe3 Nbd7 25. Bxd7 Nxd7 26. Rc7 Rfc8 27. Rxc8+ Rxc8 28. Rxc8+ Bxc8 29. Qc3 Bb7 30. Nb5 Qxc3 31. Nxc3 Kf8 32. a5 Nc5 33. Kf2 Ke7 34. Ke3 Kd7 35. g3 Ke7 36. Ne2 Kd7 37. Nf4 g5 38. Nfd3 f6 39. h4 h6 40. h5 Kc7 41. Nxc5 dxc5 42. Nd3 Kd6 43. e5+ fxe5 44. Nf2 Bc6 45. Ng4 Be8 46. Nf6 Bf7 47. Ne4+ Kc6 48. g4 Be8 49. Kd3 Kc7 50. Kc4 Ba4 51. Kxc5 Bd1 52. Nxg5 hxg5 53. h6 Bc2 54. a6 Bh7 55. a7 Kb7 56. Kd6 Kxa7 57. Kxe6 Kb6 58. Kf6 1-0

[Event "RC-2011-0-00071"]
[Site "LSS email"]
[Date "2011.05.22"]
[Round "?"]
[White "Munoz Sanchez, Emilio Josep"]
[Black "Laczay, Istvan"]
[Result "1/2-1/2"]
[WhiteElo "1644"]
[BlackElo "1620"]
[PlyCount "128"]
[EventDate "2011.04.01"]
[EventType "tourn (corr)"]
[EventRounds "6"]
[EventCountry "GER"]
[SourceTitle "Telechess CBM 147"]
[Source "ChessBase"]
[SourceDate "2012.03.16"]
[SourceVersion "1"]
[SourceVersionDate "2012.03.16"]
[SourceQuality "1"]

1. d4 Nf6 2. c4 g6 3. Nc3 d5 4. cxd5 Nxd5 5. e4 Nxc3 6. bxc3 c5 7. Bc4 Bg7 8. Ne2 0-0 9. 0-0 Nc6 10. Be3 Qc7 11. Rc1 Rd8 12. Bf4 Qd7 13. dxc5 Qe8 14. Qa4 Bd7 15. Qa3 e6 16. Rb1 Ne5 17. Bxe5 Bxe5 18. f4 Bg7 19. Nd4 Bc6 20. e5 Bf8 21. Qa5 Rdc8 22. Nb3 b6 23. Qa6 Rc7 24. Be2 Bb7 25. Qd3 Bxc5+ 26. Nxc5 Rxc5 27. c4 Rac8 28. Rb4 Qc6 29. Bf3 Qc7 30. Bxb7 Qxb7 31. h3 a5 32. Rb2 Rxc4 33. Qf3 Qxf3 34. Rxf3 R8c6 35. Kh2 a4 36. a3 Kf8 37. Kg3 Ke7 38. Re3 f6 39. Rb1 fxe5 40. fxe5 g5 41. Kh2 h6 42. Rb2 Rd4 43. Rb1 Rf4 44. Rb2 Kd8 45. Rd2+ Kc7 46. Red3 b5 47. Rd8 b4 48. R2d7+ Kb6 49. Rb8+ Kc5 50. Ra7 b3 51. Ra5+ Kd4 52. Rxa4+ Kc3 53. Ra7 Rf2 54. Rab7 Rb2 55. Rb5 h5 56. a4 h4 57. a5 Rc4 58. R5b7 Ra4 59. Rc8+ Kd4 60. Rd8+ Ke4 61. Rg8 Rxa5 62. Rxg5 Ke3 63. Rg4 Rxe5 64. Rgb4 Rg5 1/2-1/2

[Event "OP-2011-0-01540"]
[Site "LSS email"]
[Date "2011.05.20"]
[Round "?"]
[White "Munoz Sanchez, Emilio Josep"]
[Black "Shim Ng Min, Francis"]
[Result "1-0"]
[WhiteElo "1649"]
[BlackElo "1129"]
[PlyCount "39"]
[EventDate "2011.05.18"]
[EventType "tourn (corr)"]
[EventRounds "4"]
[EventCountry "GER"]
[SourceTitle "Telechess CBM 145"]
[Source "Chessbase"]
[SourceDate "2011.11.11"]
[SourceVersion "1"]
[SourceVersionDate "2011.11.11"]
[SourceQuality "1"]

1. d4 Nf6 2. c4 e6 3. Nc3 Bb4 4. a3 Bxc3+ 5. bxc3 c5 6. e3 Nc6 7. Bd3 0-0 8. Ne2 b6 9. 0-0 d5 10. cxd5 exd5 11. Ng3 c4 12. Bc2 g6 13. f3 Bb7 14. e4 Ne8 15. Bh6 Ng7 16. f4 dxe4 17. f5 Re8 18. fxg6 hxg6 19. Nxe4 Kh8 20. Rxf7 1-0

[Event "RC-2011-0-00071"]
[Site "LSS email"]
[Date "2011.05.14"]
[Round "?"]
[White "Munoz Sanchez, Emilio Josep"]
[Black "Lizorkina, Veronika"]
[Result "1/2-1/2"]
[WhiteElo "1644"]
[BlackElo "1838"]
[PlyCount "65"]
[EventDate "2011.04.01"]
[EventType "tourn (corr)"]
[EventRounds "6"]
[EventCountry "GER"]
[SourceTitle "Telechess CBM 151"]
[Source "ChessBase"]
[SourceDate "2012.11.13"]
[SourceVersion "1"]
[SourceVersionDate "2012.11.13"]
[SourceQuality "1"]

1. d4 Nf6 2. c4 e6 3. Nc3 Bb4 4. a3 Bxc3+ 5. bxc3 c5 6. e3 0-0 7. Bd3 Nc6 8. Ne2 d6 9. e4 b6 10. 0-0 Na5 11. Bg5 h6 12. Bh4 g5 13. Bg3 Bb7 14. e5 dxe5 15. Bxe5 Rc8 16. Ng3 cxd4 17. Qe2 Nd7 18. Qh5 Nxe5 19. Qxh6 f5 20. Qxe6+ Rf7 21. Qxe5 Rc5 22. Qe6 Bc8 23. Qg6+ Rg7 24. Qh5 Rh7 25. Qd1 Nc6 26. Qd2 dxc3 27. Qxc3 Kf7 28. Rae1 Qh8 29. Qd2 Rxh2 30. Qxg5 Rh4 31. f3 Qd4+ 32. Rf2 Qf6 33. Qxf6+ 1/2-1/2

[Event "RC-2011-0-00069"]
[Site "LSS email"]
[Date "2011.05.01"]
[Round "?"]
[White "Jara, Julio Cesar"]
[Black "Munoz Sanchez, Emilio Josep"]
[Result "1-0"]
[WhiteElo "1816"]
[BlackElo "1638"]
[PlyCount "67"]
[EventDate "2011.03.13"]
[EventType "tourn (corr)"]
[EventRounds "6"]
[EventCountry "GER"]
[SourceTitle "Telechess CBM 147"]
[Source "ChessBase"]
[SourceDate "2012.03.16"]
[SourceVersion "1"]
[SourceVersionDate "2012.03.16"]
[SourceQuality "1"]

1. d4 Nf6 2. Nf3 g6 3. c4 Bg7 4. Nc3 0-0 5. e4 d6 6. Be2 Nbd7 7. 0-0 e5 8. Qc2 c6 9. Be3 Qe7 10. d5 Ng4 11. Bg5 f6 12. Bd2 f5 13. Ng5 Nb6 14. f3 Nh6 15. Qb3 Kh8 16. a4 f4 17. h4 Bf6 18. c5 dxc5 19. Rfd1 Bxg5 20. hxg5 Qxg5 21. a5 Nd7 22. a6 Rb8 23. axb7 Rxb7 24. Qa3 Qf6 25. Bc4 Rb4 26. dxc6 Qxc6 27. Bd5 Qd6 28. Ne2 Rb6 29. Nxf4 Rxf4 30. Bxf4 exf4 31. Bb7 Qc7 32. Bxc8 Qxc8 33. Qc3+ Kg8 34. Rxa7 1-0

[Event "RC-2011-0-00069"]
[Site "LSS email"]
[Date "2011.05.01"]
[Round "?"]
[White "Varend, Erik"]
[Black "Munoz Sanchez, Emilio Josep"]
[Result "1/2-1/2"]
[WhiteElo "1779"]
[BlackElo "1638"]
[PlyCount "81"]
[EventDate "2011.03.13"]
[EventType "tourn (corr)"]
[EventRounds "6"]
[EventCountry "GER"]
[SourceTitle "Telechess CBM 147"]
[Source "ChessBase"]
[SourceDate "2012.03.16"]
[SourceVersion "1"]
[SourceVersionDate "2012.03.16"]
[SourceQuality "1"]

1. c4 Nf6 2. Nf3 g6 3. Nc3 Bg7 4. g3 0-0 5. Bg2 d6 6. 0-0 e5 7. d4 Nbd7 8. h3 c6 9. e4 Re8 10. Be3 a5 11. dxe5 dxe5 12. Qc2 Bf8 13. Rfd1 Qe7 14. Ne1 Nc5 15. Nd3 Nfd7 16. Na4 Nxa4 17. Qxa4 f5 18. Qc2 fxe4 19. Bxe4 Qf7 20. g4 Nf6 21. Ne1 Nxe4 22. Qxe4 Be6 23. b3 Qf6 24. Kg2 a4 25. Nf3 Bg7 26. Ng5 Bh6 27. Nxe6 Bxe3 28. Qxe3 Rxe6 29. c5 e4 30. bxa4 Rf8 31. Rab1 Rf7 32. Rb3 Re8 33. Qd4 Qf4 34. Rd2 h5 35. Qd6 hxg4 36. Qxg6+ Kf8 37. Qd6+ Qxd6 38. cxd6 gxh3+ 39. Kxh3 Rg7 40. Kh2 Rd8 41. Kh3 1/2-1/2

[Event "LSS RC-2008-0-00019"]
[Site "LSS email"]
[Date "2009.01.22"]
[Round "?"]
[White "Munoz Sanchez, Emilio Josep"]
[Black "Marculescu, Gheorghe"]
[Result "0-1"]
[WhiteElo "1607"]
[BlackElo "1790"]
[PlyCount "42"]
[EventDate "2009.01.11"]
[EventType "tourn (corr)"]
[EventRounds "6"]
[EventCountry "GER"]
[SourceTitle "Corr 2011"]
[Source "ChessBase"]
[SourceDate "2010.08.31"]
[SourceVersion "1"]
[SourceVersionDate "2010.08.31"]
[SourceQuality "1"]

1. d4 Nf6 2. c4 e6 3. Nc3 d5 4. e3 Bd6 5. Nf3 0-0 6. Bd3 dxc4 7. Bxc4 Nbd7 8. 0-0 c6 9. Qc2 e5 10. Rd1 Qc7 11. h3 exd4 12. Nxd4 Re8 13. Be2 Nc5 14. b3 Bd7 15. Bb2 Rad8 16. Rac1 a5 17. Bf3 Re5 18. a3 Ree8 19. b4 axb4 20. axb4 Na6 21. b5 Nb4 0-1

[Event "LSS RC-2008-0-00019"]
[Site "LSS email"]
[Date "2009.01.21"]
[Round "?"]
[White "Huntley, Theron"]
[Black "Munoz Sanchez, Emilio Josep"]
[Result "1-0"]
[WhiteElo "1675"]
[BlackElo "1607"]
[PlyCount "45"]
[EventDate "2009.01.11"]
[EventType "tourn (corr)"]
[EventRounds "6"]
[EventCountry "GER"]
[SourceTitle "Corr 2011"]
[Source "ChessBase"]
[SourceDate "2010.08.31"]
[SourceVersion "1"]
[SourceVersionDate "2010.08.31"]
[SourceQuality "1"]

1. c4 Nf6 2. d4 g6 3. Nc3 Bg7 4. e4 d6 5. Nf3 0-0 6. Be2 c5 7. 0-0 cxd4 8. Nxd4 Nc6 9. Be3 Qd7 10. Qd2 Re8 11. f3 Nxd4 12. Bxd4 b6 13. a4 Qb7 14. a5 bxa5 15. Rxa5 Nd7 16. Rb5 Qc6 17. Bxg7 a6 18. Rh5 gxh5 19. Bd4 Nf8 20. Qg5+ Ng6 21. Nd5 f6 22. Qxh5 Be6 23. f4 1-0

[Event "LSS RC-2008-0-00019"]
[Site "LSS email"]
[Date "2009.01.21"]
[Round "?"]
[White "Munoz Sanchez, Emilio Josep"]
[Black "Traczewski, Wojciech"]
[Result "1/2-1/2"]
[WhiteElo "1607"]
[BlackElo "1727"]
[PlyCount "27"]
[EventDate "2009.01.11"]
[EventType "tourn (corr)"]
[EventRounds "6"]
[EventCountry "GER"]
[SourceTitle "Corr 2013"]
[Source "ChessBase"]
[SourceDate "2012.11.12"]
[SourceVersion "1"]
[SourceVersionDate "2012.11.12"]
[SourceQuality "1"]

1. d4 Nf6 2. c4 g6 3. Nc3 d5 4. e3 c6 5. Nf3 Bg7 6. h3 0-0 7. Bd3 c5 8. dxc5 dxc4 9. Bxc4 Qxd1+ 10. Kxd1 Nbd7 11. Ke2 Nxc5 12. Rd1 Bf5 13. Nd4 Bd7 14. b3 1/2-1/2

[Event "LSS SC-2008-0-00021"]
[Site "LSS email"]
[Date "2009.01.07"]
[Round "?"]
[White "Munoz Sanchez, Emilio Josep"]
[Black "Gonzalez, Gervasio"]
[Result "0-1"]
[WhiteElo "1630"]
[BlackElo "1791"]
[PlyCount "20"]
[EventDate "2008.12.12"]
[EventType "tourn (corr)"]
[EventRounds "6"]
[EventCountry "GER"]
[SourceTitle "Corr 2013"]
[Source "ChessBase"]
[SourceDate "2012.11.12"]
[SourceVersion "1"]
[SourceVersionDate "2012.11.12"]
[SourceQuality "1"]
[WhiteTeam "US of America"]
[BlackTeam "US of America"]
[WhiteTeamCountry "USA"]
[BlackTeamCountry "USA"]

1. d4 d5 2. c4 c6 3. Nc3 e6 4. e3 Nf6 5. Nf3 dxc4 6. Bxc4 Be7 7. 0-0 b5 8. Bd3 a6 9. Qc2 Bb7 10. e4 c5 0-1

[Event "LSS RC-2008-0-00018"]
[Site "LSS email"]
[Date "2008.12.08"]
[Round "?"]
[White "Marculescu, Gheorghe"]
[Black "Munoz Sanchez, Emilio Josep"]
[Result "1/2-1/2"]
[WhiteElo "1770"]
[BlackElo "1610"]
[PlyCount "81"]
[EventDate "2008.11.26"]
[EventType "tourn (corr)"]
[EventRounds "6"]
[EventCountry "GER"]
[SourceTitle "Corr 2011"]
[Source "ChessBase"]
[SourceDate "2010.08.31"]
[SourceVersion "1"]
[SourceVersionDate "2010.08.31"]
[SourceQuality "1"]

1. e4 c5 2. Nf3 d6 3. d4 cxd4 4. Nxd4 Nf6 5. Nc3 a6 6. Bc4 e6 7. 0-0 Be7 8. Qf3 0-0 9. Qg3 b5 10. Be2 b4 11. Bh6 Ne8 12. Nd1 d5 13. Ne3 Bh4 14. Qg4 Qf6 15. Bf4 h5 16. Qxh5 Qxf4 17. g3 Qxe4 18. Qxh4 Qxh4 19. gxh4 Nf6 20. a3 e5 21. Nf3 bxa3 22. Rxa3 Nc6 23. Bb5 Nd4 24. Nxd4 exd4 25. Bc6 Rb8 26. Nxd5 Nxd5 27. Bxd5 Rxb2 28. Rd1 Rxc2 29. Rxd4 Rc5 30. Re3 Rc7 31. Rc4 Rd7 32. Be4 Rfd8 33. h5 Rd4 34. Rc7 Bd7 35. h3 a5 36. Ra7 a4 37. Bc2 Rc8 38. Re4 Rxe4 39. Bxe4 Be8 40. Kg2 Kf8 41. f4 1/2-1/2

[Event "LSS OP-2008-0-00669"]
[Site "LSS email"]
[Date "2008.11.02"]
[Round "?"]
[White "Traczewski, Wojciech"]
[Black "Munoz Sanchez, Emilio Josep"]
[Result "1-0"]
[WhiteElo "1382"]
[BlackElo "1630"]
[PlyCount "33"]
[EventDate "2008.10.31"]
[EventType "tourn (corr)"]
[EventRounds "4"]
[EventCountry "GER"]
[SourceTitle "Corr 2013"]
[Source "ChessBase"]
[SourceDate "2012.11.12"]
[SourceVersion "1"]
[SourceVersionDate "2012.11.12"]
[SourceQuality "1"]

1. d4 Nf6 2. c4 g6 3. Nc3 Bg7 4. e4 d6 5. f3 0-0 6. Be3 Nbd7 7. Qd2 c5 8. Nge2 b6 9. Bh6 Ba6 10. b3 Bxh6 11. Qxh6 Bb7 12. h4 cxd4 13. Nxd4 Qc8 14. h5 Qc5 15. 0-0-0 Qe5 16. hxg6 fxg6 17. c5 1-0

[Event "LSS OP-2008-0-00629"]
[Site "LSS email"]
[Date "2008.09.14"]
[Round "?"]
[White "Niewold, Jaap"]
[Black "Munoz Sanchez, Emilio Josep"]
[Result "1/2-1/2"]
[WhiteElo "1667"]
[BlackElo "1655"]
[PlyCount "42"]
[EventDate "2008.09.12"]
[EventType "tourn (corr)"]
[EventRounds "4"]
[EventCountry "GER"]
[SourceTitle "Corr 2013"]
[Source "ChessBase"]
[SourceDate "2012.11.12"]
[SourceVersion "1"]
[SourceVersionDate "2012.11.12"]
[SourceQuality "1"]

1. e4 c5 2. Nf3 d6 3. d4 cxd4 4. Nxd4 Nf6 5. Nc3 a6 6. Be3 e6 7. Qd2 Be7 8. f3 0-0 9. Bd3 Qc7 10. 0-0 Nc6 11. Nde2 b5 12. Ng3 Bb7 13. a4 b4 14. Nce2 d5 15. Rad1 Ne5 16. Bd4 Nxd3 17. cxd3 Bc5 18. Bxc5 Qxc5+ 19. d4 Qe7 20. e5 Nd7 21. Rc1 Rac8 1/2-1/2

[Event "LSS RC-2008-0-00010"]
[Site "LSS email"]
[Date "2008.08.16"]
[Round "?"]
[White "Munoz Sanchez, Emilio Josep"]
[Black "Eshuis, Hendrik"]
[Result "0-1"]
[WhiteElo "1736"]
[BlackElo "1760"]
[PlyCount "32"]
[EventDate "2008.07.31"]
[EventType "tourn (corr)"]
[EventRounds "6"]
[EventCountry "GER"]
[SourceTitle "Corr 2011"]
[Source "ChessBase"]
[SourceDate "2010.08.31"]
[SourceVersion "1"]
[SourceVersionDate "2010.08.31"]
[SourceQuality "1"]

1. d4 d5 2. c4 c6 3. Nc3 e6 4. e3 Nf6 5. Nf3 Nbd7 6. Bd3 dxc4 7. Bxc4 b5 8. Bd3 a6 9. 0-0 Bb7 10. Re1 c5 11. a3 Rc8 12. dxc5 Nxc5 13. Be2 Qxd1 14. Rxd1 Nb3 15. Rb1 Ne4 16. Nxe4 Bxe4 0-1

[Event "LSS RC-2008-0-00010"]
[Site "LSS email"]
[Date "2008.08.16"]
[Round "?"]
[White "Munoz Sanchez, Emilio Josep"]
[Black "Ponting, Andrew"]
[Result "0-1"]
[WhiteElo "1736"]
[BlackElo "1734"]
[PlyCount "32"]
[EventDate "2008.07.31"]
[EventType "tourn (corr)"]
[EventRounds "6"]
[EventCountry "GER"]
[SourceTitle "Corr 2011"]
[Source "ChessBase"]
[SourceDate "2010.08.31"]
[SourceVersion "1"]
[SourceVersionDate "2010.08.31"]
[SourceQuality "1"]

1. d4 Nf6 2. c4 g6 3. Nc3 Bg7 4. e3 0-0 5. Nf3 d6 6. Be2 Nbd7 7. 0-0 e5 8. Re1 Re8 9. dxe5 Nxe5 10. Nxe5 Rxe5 11. Bf3 Rc5 12. Qb3 Bg4 13. Bxg4 Nxg4 14. Qxb7 c6 15. Ne4 Rb8 16. Qa6 Ra5 0-1